James Bond Movies - Statistics

General Stats
  • This quiz has been taken 46 times
  • The average score is 18 of 25
Answer Stats
Year Answer % Correct
1962 Dr. No
95%
1964 Goldfinger
95%
2006 Casino Royale
89%
1979 Moonraker
89%
2012 Skyfall
89%
1963 From Russia With Love
86%
1973 Live and Let Die
86%
1965 Thunderball
84%
2015 Spectre
81%
1974 The Man With The Golden Gun
81%
1983 Octopussy
78%
2008 Quantum of Solace
73%
1971 Diamonds Are Forever
70%
1995 GoldenEye
70%
1999 The World Is Not Enough
70%
1987 The Living Daylights
68%
1977 The Spy Who Loved Me
68%
2020 No Time To Die
65%
1967 You Only Live Twice
65%
1989 Licence To Kill
62%
1969 On Her Majesty's Secret Service
62%
1981 For Your Eyes Only
59%
2002 Die Another Day
57%
1997 Tomorrow Never Dies
51%
1985 A View To Kill
27%
No matching quizzes found
Score Distribution
Percent of People with Each Score
Percentile by Number Answered
Your Score History
You have not taken this quiz